Násobič poľnohospodárskeho traktora ťažkej rady UR IV

Bibliographic Details
Main Authors: Mancovič, M. (Author), Matúš, L. (Author)
Format: Article
Language:Slovak
PhysicalDescription:Tb. 1. Sch. 3., lit. 3 zázn. v slov., ruš.
Subjects:

MARC

LEADER 00000nab a2200000 a 4500
001 vtls000327838
003 SK-MaSNL
005 20260302225539.0
008 111202c1987 xo 0 slo
015 |a SNBRA19rr/mm-uuuuu 
035 |a CL0327960 
040 |a SNKBUCL  |b slo  |c SNKBUCL  |e AACR2 
041 0 |a slo 
044 |a xo  |c SK 
080 |a 631.372.02  |2 1981 
100 1 |a Mancovič, M.  |4 aut  |9 958054 
245 1 0 |a Násobič poľnohospodárskeho traktora ťažkej rady UR IV  |c M. Mancovič, L. Matúš 
300 |b Tb. 1. Sch. 3., lit. 3 zázn. v slov., ruš. 
650 0 7 |a traktory  |2 snkbucl  |9 26007 
655 7 |a články zo zborníkov  |2 snkbucl  |9 166140 
700 1 |a Matúš, L.  |4 aut  |9 958055 
773 0 |t Agromech 87. 2. diel  |d Bratislava : Dom techniky ČSVTS, 1987  |g S. 63-68 
850 |a Slovenská národná knižnica v Martine  |a MTA001 
852 |a SNK  |b KIS3GCP 
958 |a RK 
992 |a RZB 
999 |c 1529621  |d 1531551